00964nam a2200205 a 450000100100000000500170001000800410002702000150006804000250008324500830010826000500019130000280024170000360026904900090030595201050031495201060041995201050052595201110063099900170074100003415320200930070823.0110926s2007 cl a 000 0 spa d a9974800838 aDO-SdBNPbspacBNPHU03aLa salud y la cocina :bnutrición y prevención /cMarta Lucía Chiglioni. aBogotá :bArquetipo Grupo Editorial,c2007. a360 p. :bil. ;c30 cm.1 aChiglioni, Marta Lucía959571 aBNPD 001050718MOaGRbGRcCTd2011-09-26iLF1l0o p34153-10r2020-06-25w2020-06-25y1ZNo se presta 0010507-18MOaGRbGRcOId2011-09-26iLF1l0o p34154-10r2020-06-25w2020-06-25y1ZNo se presta 001050718MOaGRbGRcHDd2011-09-26iLF1l0o p34155-10r2020-06-25w2020-06-25y1ZNo se presta 001050718MOaGRbGRcCTd2011-10-05iLF1l0o p34155-20r2020-06-25te. 2w2020-06-25y1ZNo se presta c33644d33644